MARC

LEADER 00000nab a2200000 a 4500
001 vtls000015745
003 SK-MaSNL
005 20260303191152.0
008 180409c1978 xo 0 slo
015 |a SNBRB19rr/mm-uuuuu 
035 |a CL0025839 
040 |a SNKBUCL  |b slo  |c SNKBUCL  |e AACR2 
041 0 |a slo 
044 |a xo  |c SK 
080 |a 82.09:885.0-3(048)  |2 1981 
080 |a 885.0-3(048)  |2 1981 
100 1 |a Jurčo, J.  |4 aut  |9 487638 
245 1 0 |a Človek nie je človekom, ak ľúbi sám seba  |c J. Jurčo, I. Kalenský ; Roman Cílek 
650 0 7 |a miniatúry biografické  |2 snkbucl  |9 1004244 
650 0 7 |a literatúra faktu  |2 snkbucl  |9 18459 
650 0 7 |a športovci českí  |2 snkbucl  |9 1220321 
650 0 7 |a športovci slovenskí  |2 snkbucl  |9 932076 
650 0 7 |a Slovenské národné povstanie (1944)  |2 snkbucl  |9 177948 
655 7 |a články z novín a časopisov  |2 snkbucl  |9 267496 
655 7 |a články z odboru literárna veda a krásna literatúra  |2 snkbucl  |9 770045 
700 1 |a Kalenský, I.  |4 aut  |9 1220322 
700 1 |a Cílek, Roman,  |d 1937-  |4 aut  |9 263284 
773 0 |t Pravda  |g Roč. 59, č. 265 (9. 11. 1978), s. 5 
787 0 8 |i Rec.:  |a Cílek, Roman  |t Stopy orlov  |d Bratislava : Šport, 1978 
850 |a Slovenská národná knižnica v Martine  |a MTA001 
852 |a SNK  |b KIS3GCP 
958 |a RK 
958 |a LX 
958 |a SK 
992 |a RBX 
999 |c 2139703  |d 2141633